Sports Quiz

Random Sports or Hockey Quiz

USSR 1980 Olympic Hockey Team Quiz Stats

 Plays Quiz not verified by Sporcle

Score 0/21 Timer 06:00
0 Plays Today
Position Player % Correct
GVladislav Tretiak
91.6%
DViacheslav Fetisov
78.2%
RWSergei Makarov
74%
LWVladimir Krutov
71.6%
RWBoris Mikhailov
69.8%
LWValeri Kharlamov
68.1%
GVladimir Myshkin
66.7%
CVladimir Petrov
64.9%
Head CoachViktor Tikhonov
64.2%
DAlexei Kasatonov
63.5%
RWHelmuts Balderis
49.5%
Position Player % Correct
C/RWAleksandr Maltsev
48.4%
CVladimir Golikov
42.8%
RWAleksandr Golikov
42.8%
DZinetula Bilyaletdinov
41.1%
DValeri Vasiliev
36.1%
DSergei Starikov
34.4%
DVasili Pervukhin
30.9%
CViktor Zhluktov
29.8%
RWYuri Lebedev
28.4%
LWAleksandr Skvortsov
27.4%

You're not logged in!

Compare scores with friends on all Sporcle quizzes.
OR
Log In

Show Comments

Extras

Top Quizzes Today


Score Distribution

Your Account Isn't Verified!

In order to create a playlist on Sporcle, you need to verify the email address you used during registration. Go to your Sporcle Settings to finish the process.

Report this User

Report this user for behavior that violates our Community Guidelines.

Details: